Skylanders Trap Team : Villains - Statistics

General Stats
  • This quiz has been taken 100 times
  • The average score is 30 of 46
Answer Stats
Answer Answer % Correct
Kaos Trap Kaos
97%
Earth Trap Golden Queen
96%
Gulper
90%
Fire Trap Chef Pepper Jack
87%
Chompy
87%
Wolfgang
87%
Dreamcatcher
84%
Chompy Mage
83%
Dark Trap Eye Scream
77%
Chill Bill
76%
Light Trap Eye Five
76%
Life Trap Sheep Creep
76%
Broccoli Guy
73%
Pain-Yatta
71%
Dr. Krankcase
70%
Magic Trap Bomb Shell
69%
Bone Chompy
67%
Hood Sickle
67%
Bad Juju
66%
Tae Kwon Crow
66%
Tussle Sprout
66%
Blaster-Tron
63%
Air Trap Buzzer Beak
63%
Grave Clobber
63%
Water Trap Slobber Trap
63%
Brawl & Chain
61%
Luminous
61%
Undead Trap Masker Mind
60%
Rage Mage
60%
Brawlrus
59%
Chomp Chest
59%
Threatpack
57%
Tech Trap Bruiser Cruiser
54%
Cross Crow
54%
Fisticuffs
54%
Smoke Scream
54%
Krankenstein
53%
Nightshade
53%
Shrednaught
53%
Grinnade
47%
Shield Shredder
47%
Cuckoo Clocker
46%
Lob Goblin
46%
Scrap Shooter
46%
Mab Lobs
43%
Trolling Thunder
41%
No matching quizzes found
Score Distribution
Percent of People with Each Score
Percentile by Number Answered
Your Score History
You have not taken this quiz